[Event "GER-chT U20 Girls"]
[Site "Braunschweig"]
[Date "2019.12.28"]
[Round "4.1"]
[White "Berelowitsch, Dana"]
[Black "Sherif, Amina"]
[Result "0-1"]
[WhiteElo "1792"]
[BlackElo "1945"]
[PlyCount "72"]
[EventDate "2019.12.27"]
[EventType "team-swiss"]
[EventRounds "7"]
[EventCountry "GER"]
[SourceTitle "CBM 194 Extra"]
[Source "ChessBase"]
[SourceDate "2020.03.31"]
[SourceVersion "1"]
[SourceVersionDate "2020.03.31"]
[SourceQuality "1"]
[WhiteTeam "Solingen SG"]
[BlackTeam "Harksheide"]
[WhiteTeamCountry "GER"]
[BlackTeamCountry "GER"]

1. e4 c5 2. Nf3 e6 3. d4 cxd4 4. Nxd4 a6 5. Nc3 Qc7 6. Be3 Nf6 7. f4 Bb4 8. Bd3 Bxc3+ 9. bxc3 Qxc3+ 10. Kf2 d6 11. Re1 Nbd7 12. Kg1 0-0 13. Qf3 Nc5 14. Rad1 Bd7 15. e5 Nd5 16. exd6 Nxd3 17. cxd3 Rac8 18. Bf2 Qa3 19. f5 Qxd6 20. Qh3 exf5 21. Nxf5 Bxf5 22. Qxf5 Nc3 23. Rd2 Rce8 24. Rf1 Ne4 25. Re2 Nxf2 26. Rexf2 Re3 27. Rd1 g6 28. Qg5 Rfe8 29. Rdf1 Re1 30. Rxf7 Qd4+ 31. Kh1 Qa1 32. Qd5 Kh8 33. Qf3 Rxf1+ 34. Qxf1 Re1 35. Rf8+ Kg7 36. Rf7+ Kh6 0-1

[Event "GER-chT U20 Girls"]
[Site "Braunschweig"]
[Date "2019.12.27"]
[Round "1.1"]
[White "Oberhofer, Marie"]
[Black "Berelowitsch, Dana"]
[Result "0-1"]
[WhiteElo "1700"]
[BlackElo "1792"]
[PlyCount "80"]
[EventDate "2019.12.27"]
[EventType "team-swiss"]
[EventRounds "7"]
[EventCountry "GER"]
[SourceTitle "CBM 194 Extra"]
[Source "ChessBase"]
[SourceDate "2020.03.31"]
[SourceVersion "1"]
[SourceVersionDate "2020.03.31"]
[SourceQuality "1"]
[WhiteTeam "Regensburg Bavaria"]
[BlackTeam "Solingen SG"]
[WhiteTeamCountry "GER"]
[BlackTeamCountry "GER"]

1. e4 c5 2. Nf3 g6 3. d4 cxd4 4. Nxd4 Bg7 5. Be3 Nc6 6. Nc3 Nf6 7. Nxc6 bxc6 8. e5 Nd5 9. Nxd5 cxd5 10. Qxd5 Rb8 11. Bc4 0-0 12. 0-0 Bb7 13. Qd4 Qc7 14. f4 d6 15. Bb3 dxe5 16. Qd2 Rbd8 17. Qf2 Ba6 18. Rfd1 exf4 19. Bxf4 e5 20. Bg5 Rd7 21. Rd2 Rxd2 22. Qxd2 e4 23. c3 Bd3 24. Bc2 Bxc2 25. Qxc2 Qc5+ 26. Kf1 Qxg5 27. Qxe4 Qb5+ 28. Qe2 Qxe2+ 29. Kxe2 Rb8 30. b3 Bxc3 31. Rc1 Be5 32. h3 Rb7 33. Rc5 Bd6 34. Rd5 Be7 35. Kd3 Kg7 36. Kc4 Kf6 37. Kd4 Ke6 38. Re5+ Kd6 39. Rd5+ Kc6 40. Kc4 Rb4+ 0-1

[Event "Dortmund Sparkassen op-B 47th"]
[Site "Dortmund"]
[Date "2019.07.19"]
[Round "7"]
[White "Berelowitsch, Dana"]
[Black "Jahrke, Jonas"]
[Result "1-0"]
[WhiteElo "1760"]
[BlackElo "1875"]
[PlyCount "43"]
[EventDate "2019.07.13"]
[EventType "swiss"]
[EventRounds "9"]
[EventCountry "GER"]
[SourceTitle "CBM 192 Extra"]
[Source "Chessbase"]
[SourceDate "2019.11.06"]
[SourceVersion "1"]
[SourceVersionDate "2019.11.06"]
[SourceQuality "1"]

1. e4 c5 2. Nf3 a6 3. c3 d5 4. exd5 Qxd5 5. d4 cxd4 6. cxd4 Nf6 7. Nc3 Qd6 8. Bd3 e6 9. 0-0 Be7 10. Ne5 Nbd7 11. Bf4 Qb6 12. Qd2 Qd8 13. Rfe1 Nb6 14. a4 Nbd5 15. Bg3 Nxc3 16. bxc3 Nh5 17. Kh1 Nxg3+ 18. fxg3 Bf6 19. Qf4 Qe7 20. Nc4 0-0 21. Nb6 Ra7 22. Qb8 1-0

[Event "Dortmund Sparkassen op-B 47th"]
[Site "Dortmund"]
[Date "2019.07.18"]
[Round "6"]
[White "Lin, Ying Rui"]
[Black "Berelowitsch, Dana"]
[Result "1/2-1/2"]
[WhiteElo "1819"]
[BlackElo "1760"]
[PlyCount "62"]
[EventDate "2019.07.13"]
[EventType "swiss"]
[EventRounds "9"]
[EventCountry "GER"]
[SourceTitle "CBM 192 Extra"]
[Source "Chessbase"]
[SourceDate "2019.11.06"]
[SourceVersion "1"]
[SourceVersionDate "2019.11.06"]
[SourceQuality "1"]

1. e4 c5 2. Nf3 g6 3. d3 Bg7 4. g3 Nc6 5. Bg2 d6 6. 0-0 Nf6 7. Re1 0-0 8. c3 Bg4 9. h3 Bxf3 10. Bxf3 Ne5 11. Bg2 c4 12. d4 Nd3 13. Re2 Rc8 14. Be3 b5 15. Na3 Qa5 16. f4 Nxb2 17. Rxb2 Qxa3 18. Qc2 a6 19. Rb4 Nd7 20. Bc1 Qa5 21. Be3 e5 22. Rab1 Qa3 23. Bc1 Qa5 24. Be3 Qb6 25. Qf2 Qa5 26. fxe5 dxe5 27. d5 Qa3 28. Qc2 Nc5 29. Bxc5 Rxc5 30. h4 Rd8 31. g4 Bf8 1/2-1/2

[Event "GER-ch U16 Girls"]
[Site "Willingen"]
[Date "2019.06.12"]
[Round "5"]
[White "Khamenya, Vitalia"]
[Black "Berelowitsch, Dana"]
[Result "1/2-1/2"]
[WhiteElo "1877"]
[BlackElo "1753"]
[PlyCount "58"]
[EventDate "2019.06.08"]
[EventType "swiss"]
[EventRounds "9"]
[EventCountry "GER"]
[SourceTitle "CBM 191 Extra"]
[Source "ChessBase"]
[SourceDate "2019.09.30"]
[SourceVersion "1"]
[SourceVersionDate "2019.09.30"]
[SourceQuality "1"]

1. e4 c5 2. Nf3 g6 3. d4 cxd4 4. Nxd4 Bg7 5. c4 Nc6 6. Be3 Nf6 7. Nc3 Ng4 8. Qxg4 Nxd4 9. Qd1 e5 10. Bd3 0-0 11. 0-0 d6 12. Ne2 Be6 13. Rc1 Rc8 14. b3 a6 15. Bb1 b5 16. Bxd4 exd4 17. Nxd4 Qb6 18. Nxe6 fxe6 19. cxb5 Rxc1 20. Qxc1 axb5 21. Qd2 Bd4 22. Bd3 e5 23. Qe2 b4 24. g3 Kg7 25. Kg2 Qa7 26. Bc4 Ra8 27. Qg4 Rf8 28. Qe2 Ra8 29. Qg4 Rf8 1/2-1/2

[Event "GER-chT U20 Girls"]
[Site "Osnabrueck"]
[Date "2018.12.27"]
[Round "2.3"]
[White "Berelowitsch, Dana"]
[Black "Wagner, Swenja"]
[Result "0-1"]
[WhiteElo "1769"]
[BlackElo "1749"]
[PlyCount "118"]
[EventDate "2018.12.27"]
[EventType "team-swiss"]
[EventRounds "7"]
[EventCountry "GER"]
[SourceTitle "CBM 188 Extra"]
[Source "ChessBase"]
[SourceDate "2019.02.26"]
[SourceVersion "1"]
[SourceVersionDate "2019.02.26"]
[SourceQuality "1"]
[WhiteTeam "Solingen SG"]
[BlackTeam "Lichtenberg Borussia"]
[WhiteTeamCountry "GER"]
[BlackTeamCountry "GER"]

1. e4 e5 2. Nf3 Nc6 3. Bb5 a6 4. Ba4 b5 5. Bb3 Nf6 6. 0-0 Bc5 7. Nxe5 Nxe5 8. d4 Qe7 9. dxc5 Qxc5 10. Be3 Qc6 11. Nc3 Nc4 12. Nd5 Bb7 13. Bf4 d6 14. Re1 Kf8 15. Nxf6 gxf6 16. Qf3 Re8 17. Bh6+ Ke7 18. Bg7 Rhg8 19. Qxf6+ Kd7 20. Qf5+ Ke7 21. Qf6+ Kd7 22. Qxf7+ Kc8 23. a4 Kb8 24. axb5 axb5 25. Ba2 Qc5 26. Bxc4 bxc4 27. Qf6 Bxe4 28. b3 cxb3 29. cxb3 Qh5 30. Qd4 Qg6 31. f3 Bxf3 32. Rxe8+ Rxe8 33. g3 Qc2 34. Qf2 Qxb3 35. Rf1 Bc6 36. Rc1 Qd5 37. Qb2+ Kc8 38. Rxc6 Qxc6 39. Qf2 Qc1+ 40. Kg2 Qe1 41. Qf5+ Qe6 42. Qa5 Qe2+ 43. Kg1 Qe1+ 44. Qxe1 Rxe1+ 45. Kf2 Re7 46. Bc3 c5 47. Ba5 d5 48. Bb6 c4 49. Bd4 Re4 50. Bb2 d4 51. Bc1 d3 52. Be3 Rxe3 53. Kxe3 Kd7 54. g4 Kd6 55. h3 h6 56. Kd2 Kd5 57. h4 Ke4 58. h5 Kf4 59. g5 Kxg5 0-1

[Event "GER-ch U16 Girls"]
[Site "Willingen"]
[Date "2018.05.24"]
[Round "7"]
[White "Berelowitsch, Dana"]
[Black "Mundt, Alexandra"]
[Result "1-0"]
[WhiteElo "1776"]
[BlackElo "1692"]
[PlyCount "75"]
[EventDate "2018.05.19"]
[EventType "swiss"]
[EventRounds "9"]
[EventCountry "GER"]
[SourceTitle "CBM 184 Extra"]
[Source "ChessBase"]
[SourceDate "2018.06.28"]
[SourceVersion "1"]
[SourceVersionDate "2018.06.28"]
[SourceQuality "1"]

1. e4 e5 2. Nf3 Nf6 3. Nxe5 d6 4. Nf3 Nxe4 5. Nc3 Nxc3 6. dxc3 Nc6 7. Be3 Bg4 8. h3 Be6 9. Qd2 Be7 10. 0-0-0 Na5 11. Kb1 0-0 12. Ng5 Bc4 13. h4 b5 14. Bd3 h6 15. Qe2 Bxd3 16. cxd3 Nc6 17. Nf3 b4 18. c4 Re8 19. g4 d5 20. Qf1 Qd7 21. h5 Qxg4 22. Nd2 dxc4 23. Nxc4 Kh8 24. f3 Qf5 25. Qg2 Bf6 26. f4 Ne7 27. Ka1 Nd5 28. Bc1 a5 29. Rhg1 a4 30. Ne5 Bxe5 31. fxe5 Qxe5 32. d4 Qf6 33. Qxd5 a3 34. Qg2 Rg8 35. Qf1 axb2+ 36. Bxb2 Qe6 37. d5 Qb6 38. Qxf7 1-0

[Event "Regionalliga West 1718 (Women)"]
[Site "Germany"]
[Date "2018.01.28"]
[Round "4.3"]
[White "Kinzel, Tiffany"]
[Black "Berelowitsch, Dana"]
[Result "0-1"]
[WhiteElo "1785"]
[BlackElo "1648"]
[PlyCount "64"]
[EventDate "2017.10.15"]
[EventType "team-tourn"]
[EventRounds "5"]
[EventCountry "GER"]
[SourceTitle "CBM 183 Extra"]
[Source "ChessBase"]
[SourceDate "2018.04.19"]
[SourceVersion "1"]
[SourceVersionDate "2018.04.19"]
[SourceQuality "1"]
[WhiteTeam "Muelheim Nord (W)"]
[BlackTeam "Solingen (W)"]
[WhiteTeamCountry "GER"]
[BlackTeamCountry "GER"]

1. d4 d5 2. e3 c5 3. c3 Nc6 4. Bd3 e5 5. dxe5 Nxe5 6. Bb5+ Nc6 7. Nf3 Nf6 8. 0-0 Bg4 9. Nbd2 Bd6 10. Qc2 0-0 11. b3 Qc7 12. Bb2 Rfe8 13. Bd3 Re7 14. a3 Rae8 15. h3 Bh5 16. c4 Ne5 17. Nxe5 Bxe5 18. cxd5 Bxb2 19. Qxb2 Nxd5 20. Rac1 Qb6 21. Rc4 Rd8 22. Qc2 Nf6 23. g4 Bg6 24. Bxg6 hxg6 25. Rxc5 Rxd2 26. Qc4 Qd6 27. g5 Nh5 28. Rc8+ Kh7 29. e4 Rd4 30. Qc3 Rd3 31. Qc4 Rxh3 32. Rf8 Qh2# 0-1

[Event "GER-chT U14 Girls"]
[Site "Neumuenster"]
[Date "2017.12.30"]
[Round "7.2"]
[White "Reichelt, Lena"]
[Black "Berelowitsch, Dana"]
[Result "1/2-1/2"]
[WhiteElo "1549"]
[BlackElo "1736"]
[PlyCount "43"]
[EventDate "2017.12.26"]
[EventType "team-swiss"]
[EventRounds "7"]
[EventCountry "GER"]
[SourceTitle "CBM 182 Extra"]
[Source "ChessBase"]
[SourceDate "2018.02.23"]
[SourceVersion "1"]
[SourceVersionDate "2018.02.23"]
[SourceQuality "1"]
[WhiteTeam "Nordhorn Blanke"]
[BlackTeam "Solingen SG"]
[WhiteTeamCountry "GER"]
[BlackTeamCountry "GER"]

1. d4 Nf6 2. Nf3 g6 3. e3 Bg7 4. c4 d5 5. Bd3 0-0 6. Nc3 c5 7. dxc5 Qa5 8. 0-0 Qxc5 9. cxd5 Nxd5 10. Nxd5 Qxd5 11. e4 Qh5 12. h3 Nc6 13. Ng5 Qxd1 14. Rxd1 Bd7 15. Nf3 Nb4 16. Bb1 Ba4 17. Rf1 Rac8 18. e5 Bc2 19. Bxc2 Rxc2 20. Rd1 Rfc8 21. a3 Na2 22. Be3 1/2-1/2

[Event "Regionalliga West 1718 (Women)"]
[Site "Germany"]
[Date "2017.11.19"]
[Round "2.3"]
[White "Hartjes, Jenny"]
[Black "Berelowitsch, Dana"]
[Result "1/2-1/2"]
[WhiteElo "1680"]
[BlackElo "1648"]
[PlyCount "51"]
[EventDate "2017.10.15"]
[EventType "team-tourn"]
[EventRounds "5"]
[EventCountry "GER"]
[SourceTitle "CBM 183 Extra"]
[Source "ChessBase"]
[SourceDate "2018.04.19"]
[SourceVersion "1"]
[SourceVersionDate "2018.04.19"]
[SourceQuality "1"]
[WhiteTeam "Muenster (W) II"]
[BlackTeam "Solingen (W)"]
[WhiteTeamCountry "GER"]
[BlackTeamCountry "GER"]

1. d4 d5 2. c4 e6 3. Nf3 c5 4. Nc3 Nc6 5. cxd5 exd5 6. Bg5 Nf6 7. dxc5 d4 8. Ne4 Bxc5 9. Nxc5 Qa5+ 10. Qd2 Qxc5 11. Bxf6 gxf6 12. g3 0-0 13. Bg2 Bf5 14. 0-0 Rac8 15. Qf4 Rfe8 16. Rac1 Qa5 17. Nxd4 Nxd4 18. Qxd4 Rxc1 19. Rxc1 Rxe2 20. g4 Re1+ 21. Rxe1 Qxe1+ 22. Bf1 Bb1 23. Qxf6 Bxa2 24. Qd8+ Kg7 25. Qg5+ Kf8 26. Qd8+ 1/2-1/2

[Event "GER-ch U14 Girls"]
[Site "Willingen"]
[Date "2017.06.07"]
[Round "6"]
[White "Berelowitsch, Dana"]
[Black "Khamenya, Vitalia"]
[Result "1/2-1/2"]
[WhiteElo "1693"]
[BlackElo "1792"]
[PlyCount "115"]
[EventDate "2017.06.04"]
[EventType "swiss"]
[EventRounds "9"]
[EventCountry "GER"]
[SourceTitle "CBM 178 Extra"]
[Source "ChessBase"]
[SourceDate "2017.06.22"]
[SourceVersion "1"]
[SourceVersionDate "2017.06.22"]
[SourceQuality "1"]

1. d4 f5 2. Nf3 e6 3. Bf4 Nf6 4. e3 b6 5. Bd3 Bb7 6. Nbd2 Be7 7. c4 Ne4 8. Qc2 Nxd2 9. Qxd2 Nc6 10. a3 0-0 11. Qc2 Bf6 12. 0-0 g5 13. Bg3 Ne7 14. Be2 Ng6 15. h3 Rf7 16. Bd3 Rg7 17. d5 Nh4 18. Nd4 Bxd4 19. exd4 f4 20. Bh2 exd5 21. c5 Rc8 22. Kh1 Qf6 23. Rad1 Kh8 24. Be2 f3 25. gxf3 Nxf3 26. Qc3 Nxh2 27. Kxh2 Qf4+ 28. Qg3 bxc5 29. Qxf4 gxf4 30. dxc5 d4 31. Rg1 Rcg8 32. Rxg7 Rxg7 33. f3 Rg5 34. b4 Re5 35. Bb5 Bxf3 36. Rxd4 c6 37. Rxf4 Bd5 38. Ba6 Kg7 39. Rd4 Re4 40. Rxe4 Bxe4 41. Kg3 Kf6 42. Kf4 Bg2 43. h4 Bh3 44. a4 Bf5 45. Bc4 Bc2 46. b5 cxb5 47. axb5 Ba4 48. b6 axb6 49. cxb6 Bc6 50. Ba6 Kg6 51. b7 Bxb7 52. Bxb7 Kh5 53. Kg3 d6 54. Bf3+ Kg6 55. Kg4 Kh6 56. h5 Kg7 57. Kg5 Kh8 58. h6 1/2-1/2

[Event "Solingen Karneval op"]
[Site "Solingen"]
[Date "2017.02.26"]
[Round "5"]
[White "Asadzade, Idris"]
[Black "Berelowitsch, Dana"]
[Result "1-0"]
[WhiteElo "1835"]
[BlackElo "1528"]
[PlyCount "105"]
[EventDate "2017.02.24"]
[EventType "swiss"]
[EventRounds "5"]
[EventCountry "GER"]
[SourceTitle "EXT 2018"]
[Source "ChessBase"]
[SourceDate "2017.10.13"]
[SourceVersion "1"]
[SourceVersionDate "2017.10.13"]
[SourceQuality "1"]

1. Nf3 d5 2. c4 e6 3. g3 Nf6 4. Bg2 Be7 5. 0-0 0-0 6. d4 c5 7. cxd5 exd5 8. Nc3 Nc6 9. a3 Bg4 10. dxc5 Bxc5 11. b4 Bb6 12. Bb2 Rc8 13. Na4 Re8 14. Re1 Ne4 15. Nxb6 Qxb6 16. Nd4 Nf6 17. h3 Bh5 18. g4 Bg6 19. Nxc6 Rxc6 20. Bd4 Qb5 21. Bxf6 Rxf6 22. Qxd5 Qb6 23. e3 Rc6 24. Qd7 Rce6 25. Qxb7 Qd8 26. Rad1 Qh4 27. Qxa7 h5 28. Rd4 Rf6 29. Rf1 hxg4 30. Rxg4 Qh5 31. Qc7 Bf5 32. Rg3 Bd3 33. Qc3 Qf5 34. Rf3 Qg6 35. Rg3 Qf5 36. e4 Bxe4 37. Bxe4 Rxe4 38. Qd3 Qe5 39. Rg2 Qe6 40. Qg3 Rg6 41. Qb8+ Kh7 42. Rxg6 Qxg6+ 43. Qg3 Qe6 44. Kh2 Re5 45. Rd1 Qe7 46. Rd7 Qf6 47. Rd4 Rh5 48. Rf4 Qe7 49. Qf3 Qe5 50. Qe4+ Qxe4 51. Rxe4 Rf5 52. Kg3 Kg6 53. a4 1-0

[Event "Solingen Karneval op"]
[Site "Solingen"]
[Date "2017.02.25"]
[Round "2"]
[White "Berelowitsch, Dana"]
[Black "Foth, Stefan"]
[Result "1-0"]
[WhiteElo "1528"]
[BlackElo "1735"]
[PlyCount "69"]
[EventDate "2017.02.24"]
[EventType "swiss"]
[EventRounds "5"]
[EventCountry "GER"]
[SourceTitle "EXT 2018"]
[Source "ChessBase"]
[SourceDate "2017.10.13"]
[SourceVersion "1"]
[SourceVersionDate "2017.10.13"]
[SourceQuality "1"]

1. e4 e6 2. d4 d5 3. Nc3 Bb4 4. a3 Bxc3+ 5. bxc3 dxe4 6. Qg4 Qf6 7. Qxe4 Ne7 8. Nf3 Qf5 9. Bd3 Qxe4+ 10. Bxe4 Nbc6 11. Bf4 f5 12. Bxc6+ bxc6 13. Bxc7 Ba6 14. Kd2 0-0 15. Rhe1 Nd5 16. Bd6 Rfe8 17. Ng5 Rad8 18. Be5 Nb6 19. Bg3 Bc4 20. Nf3 Bd5 21. Ne5 Bxg2 22. f3 c5 23. Bf2 cxd4 24. cxd4 Rc8 25. Rg1 Nc4+ 26. Nxc4 Rxc4 27. Rxg2 Rec8 28. Ra2 e5 29. d5 Rc3 30. Bxa7 Rxf3 31. Rg3 Rf4 32. d6 Ra4 33. Bb6 Rc6 34. Rd3 Rxb6 35. d7 1-0

[Event "GER-chT U14 Girls"]
[Site "Duesseldorf"]
[Date "2016.12.29"]
[Round "5.2"]
[White "Berelowitsch, Dana"]
[Black "Hoeglauer, Jenny"]
[Result "0-1"]
[WhiteElo "1693"]
[BlackElo "1612"]
[PlyCount "76"]
[EventDate "2016.12.27"]
[EventType "team-swiss"]
[EventRounds "7"]
[EventCountry "GER"]
[SourceTitle "EXT 2018"]
[Source "ChessBase"]
[SourceDate "2017.10.13"]
[SourceVersion "1"]
[SourceVersionDate "2017.10.13"]
[SourceQuality "1"]
[WhiteTeam "Solingen SG"]
[BlackTeam "Sasbach"]
[WhiteTeamCountry "GER"]
[BlackTeamCountry "GER"]

1. e4 c5 2. Nf3 a6 3. c3 e6 4. d4 cxd4 5. cxd4 b5 6. Bd3 Bb7 7. 0-0 Nf6 8. e5 Nd5 9. Nbd2 Be7 10. Ne4 0-0 11. Bd2 Nc6 12. Nc3 Ncb4 13. Bb1 Rc8 14. a3 Nxc3 15. bxc3 Nd5 16. Qc2 g6 17. Qb3 Qb6 18. Bd3 Rc7 19. Rfc1 Rfc8 20. h4 d6 21. h5 dxe5 22. hxg6 fxg6 23. Nxe5 Bf6 24. Ng4 Bg7 25. Rc2 Bf8 26. Re1 Re8 27. Rcc1 Qa5 28. Qb1 Nxc3 29. Bxc3 Rxc3 30. Bxg6 Rxc1 31. Rxc1 Re7 32. Nf6+ Kh8 33. Nxh7 Bh6 34. Rc5 Qxa3 35. Nf6 Kg7 36. Bh7 Kf8 37. Qd1 Rf7 38. Qe2 Qa1+ 0-1

[Event "Dortmund Sparkassen op-B 44th"]
[Site "Dortmund"]
[Date "2016.07.14"]
[Round "6"]
[White "Berelowitsch, Dana"]
[Black "Oezdemir, Edwin Daniel"]
[Result "0-1"]
[WhiteElo "1523"]
[BlackElo "1620"]
[PlyCount "58"]
[EventDate "2016.07.09"]
[EventType "swiss"]
[EventRounds "9"]
[EventCountry "GER"]
[SourceTitle "CBM 173 Extra"]
[Source "ChessBase"]
[SourceDate "2016.08.29"]
[SourceVersion "1"]
[SourceVersionDate "2016.08.29"]
[SourceQuality "1"]

1. d4 d5 2. c4 e6 3. Nc3 c5 4. Nf3 Nc6 5. cxd5 exd5 6. Bg5 f6 7. Be3 c4 8. g3 Bb4 9. Bg2 Nge7 10. 0-0 0-0 11. Ne1 Rb8 12. Bf4 Ra8 13. Nc2 Qa5 14. Nxb4 Nxb4 15. a3 Nbc6 16. Qd2 Rd8 17. Rfd1 Be6 18. Qc2 Rac8 19. Rd2 b5 20. Qd1 Qb6 21. Be3 Na5 22. Ra2 Nb3 23. f3 a5 24. Bf2 Nxd2 25. Qxd2 b4 26. axb4 axb4 27. Nb1 c3 28. bxc3 bxc3 29. Nxc3 Rxc3 0-1

[Event "Dortmund Sparkassen op-B 44th"]
[Site "Dortmund"]
[Date "2016.07.13"]
[Round "5"]
[White "Ewers, Christian"]
[Black "Berelowitsch, Dana"]
[Result "1-0"]
[WhiteElo "1697"]
[BlackElo "1523"]
[PlyCount "75"]
[EventDate "2016.07.09"]
[EventType "swiss"]
[EventRounds "9"]
[EventCountry "GER"]
[SourceTitle "CBM 173 Extra"]
[Source "ChessBase"]
[SourceDate "2016.08.29"]
[SourceVersion "1"]
[SourceVersionDate "2016.08.29"]
[SourceQuality "1"]

1. e4 c5 2. Nf3 g6 3. d4 cxd4 4. Nxd4 Bg7 5. Nc3 Nc6 6. Nde2 Nf6 7. g3 0-0 8. Bg2 d6 9. h3 Bd7 10. 0-0 Qc8 11. Kh2 Kh8 12. Rb1 Ne8 13. g4 Qc7 14. Nd5 Qa5 15. a3 Nf6 16. Nxf6 Bxf6 17. Bd2 Qc7 18. f4 Rac8 19. Bc3 Bg7 20. Bxg7+ Kxg7 21. Nc3 Rfd8 22. Nd5 Qa5 23. f5 Re8 24. b4 Qd8 25. b5 Ne5 26. Nxe7 Rc5 27. f6+ Kh8 28. Qd2 Rxe7 29. Qh6 Qg8 30. fxe7 Bxg4 31. Qf8 Bd7 32. Rfd1 Rxc2 33. Rxd6 Rc8 34. Qh6 Qe8 35. Qg5 Nc4 36. Rd4 Nb6 37. Rbd1 Rc7 38. Qe5+ 1-0

[Event "Dortmund Sparkassen op-B 44th"]
[Site "Dortmund"]
[Date "2016.07.11"]
[Round "3"]
[White "Schicktanz, Florian"]
[Black "Berelowitsch, Dana"]
[Result "1-0"]
[WhiteElo "1679"]
[BlackElo "1523"]
[PlyCount "51"]
[EventDate "2016.07.09"]
[EventType "swiss"]
[EventRounds "9"]
[EventCountry "GER"]
[SourceTitle "CBM 173 Extra"]
[Source "ChessBase"]
[SourceDate "2016.08.29"]
[SourceVersion "1"]
[SourceVersionDate "2016.08.29"]
[SourceQuality "1"]

1. c4 e6 2. Nc3 d5 3. d4 c5 4. cxd5 exd5 5. Nf3 Nc6 6. dxc5 d4 7. Ne4 Bxc5 8. Nxc5 Qa5+ 9. Bd2 Qxc5 10. Rc1 Qb6 11. b3 Bf5 12. g3 Nf6 13. Bg2 0-0 14. 0-0 Rac8 15. Bg5 Ne4 16. Nh4 Nc3 17. Qd2 Be6 18. e3 Qc5 19. exd4 Nxd4 20. Kh1 Bd5 21. Be3 Bxg2+ 22. Nxg2 Rfd8 23. Rfd1 Qa5 24. Bxd4 Qb4 25. Bxc3 Rxd2 26. Bxb4 1-0

[Event "GER-chT U14 Girls"]
[Site "Magdeburg"]
[Date "2015.12.30"]
[Round "7.2"]
[White "Berelowitsch, Dana"]
[Black "Schulz, Theresa Charlotte"]
[Result "0-1"]
[WhiteElo "1455"]
[BlackElo "1651"]
[PlyCount "34"]
[EventDate "2015.12.27"]
[EventType "team-swiss"]
[EventRounds "7"]
[EventCountry "GER"]
[SourceTitle "EXT 2017"]
[Source "ChessBase"]
[SourceDate "2016.10.25"]
[SourceVersion "1"]
[SourceVersionDate "2016.10.25"]
[SourceQuality "1"]
[WhiteTeam "Solingen SG"]
[BlackTeam "Erfurt Empor"]
[WhiteTeamCountry "GER"]
[BlackTeamCountry "GER"]

1. d4 d5 2. Nc3 f5 3. Nf3 e6 4. Bf4 c6 5. e3 Nf6 6. a3 Be7 7. Qd3 Ne4 8. Ne5 0-0 9. f3 Nxc3 10. Qxc3 Nd7 11. 0-0-0 Nxe5 12. Bxe5 Bd7 13. Bd3 b5 14. g3 a5 15. h4 b4 16. axb4 axb4 17. Qe1 Qa5 0-1

[Event "GER-chT U14 Girls"]
[Site "Magdeburg"]
[Date "2015.12.27"]
[Round "1.1"]
[White "Seeburger, Milena"]
[Black "Berelowitsch, Dana"]
[Result "0-1"]
[WhiteElo "1314"]
[BlackElo "1455"]
[PlyCount "48"]
[EventDate "2015.12.27"]
[EventType "team-swiss"]
[EventRounds "7"]
[EventCountry "GER"]
[SourceTitle "EXT 2017"]
[Source "ChessBase"]
[SourceDate "2016.10.25"]
[SourceVersion "1"]
[SourceVersionDate "2016.10.25"]
[SourceQuality "1"]
[WhiteTeam "Ersingen"]
[BlackTeam "Solingen SG"]
[WhiteTeamCountry "GER"]
[BlackTeamCountry "GER"]

1. e4 e5 2. Nf3 Nf6 3. Nc3 Nc6 4. Bb5 Bb4 5. Bxc6 bxc6 6. 0-0 d6 7. Re1 0-0 8. h3 Re8 9. d3 h6 10. Bd2 Be6 11. d4 exd4 12. Nxd4 Bd7 13. Qf3 c5 14. Nb3 Bc6 15. Nd5 Bxd5 16. exd5 Bxd2 17. Nxd2 Qd7 18. Ne4 Nxe4 19. Rxe4 Rxe4 20. Qxe4 Re8 21. Qd3 Qe7 22. Kf1 Qe5 23. Qb5 Kf8 24. Rd1 Qh2 0-1

[Event "GER-ch U12"]
[Site "Willingen"]
[Date "2015.05.29"]
[Round "9"]
[White "Wu, Leon"]
[Black "Berelowitsch, Dana"]
[Result "1-0"]
[WhiteElo "1574"]
[BlackElo "1468"]
[PlyCount "137"]
[EventDate "2015.05.24"]
[EventType "swiss"]
[EventRounds "11"]
[EventCountry "GER"]
[SourceTitle "CBM 166 Extra"]
[Source "ChessBase"]
[SourceDate "2015.06.18"]
[SourceVersion "1"]
[SourceVersionDate "2015.06.18"]
[SourceQuality "1"]

1. e4 d5 2. exd5 Qxd5 3. Nc3 Qa5 4. d4 Nf6 5. Bc4 Bf5 6. Bd2 Qb6 7. Nf3 Nbd7 8. 0-0 e6 9. Re1 0-0-0 10. a3 h6 11. b4 g5 12. b5 g4 13. Na4 Qd6 14. Bb4 Qf4 15. Nh4 Bxb4 16. axb4 h5 17. Nxf5 Qxf5 18. Nc3 Kb8 19. Ra3 Nb6 20. Bd3 Qg5 21. Ne4 Qg7 22. c3 Rdg8 23. Qc2 h4 24. Ra2 Nxe4 25. Rxe4 g3 26. h3 Nd5 27. Rg4 Qf6 28. Rxg8+ Rxg8 29. f3 Qf4 30. Ra1 Qe3+ 31. Kh1 Nf4 32. Bf1 Qf2 33. Qxf2 gxf2 34. Kh2 f5 35. Ra2 Nd5 36. c4 Nxb4 37. Rxf2 a5 38. bxa6 Nxa6 39. Re2 Rd8 40. Rxe6 Rxd4 41. g3 Rd2+ 42. Re2 Rd4 43. gxh4 Rxh4 44. Kg3 Rd4 45. Re8+ Ka7 46. Rf8 Rd1 47. Be2 Rd2 48. Kf2 Rd6 49. Rxf5 Rh6 50. Kg3 Re6 51. Bf1 Re1 52. Kf2 Rd1 53. h4 Rd2+ 54. Kg3 Rd1 55. Be2 Rd2 56. Kf2 Rd4 57. f4 Rd7 58. h5 Rh7 59. Rg5 Rf7 60. Kg3 Rh7 61. Kg4 b6 62. Bd3 Rh8 63. Rg7 Kb7 64. Kg5 Nc5 65. Bf5 Kc6 66. h6 Kd6 67. h7 Ne6+ 68. Bxe6 Kxe6 69. Kg6 1-0

[Event "GER-ch U12"]
[Site "Willingen"]
[Date "2015.05.24"]
[Round "1"]
[White "Pajeken, Jakob Leon"]
[Black "Berelowitsch, Dana"]
[Result "1-0"]
[WhiteElo "1812"]
[BlackElo "1468"]
[PlyCount "117"]
[EventDate "2015.05.24"]
[EventType "swiss"]
[EventRounds "11"]
[EventCountry "GER"]
[SourceTitle "CBM 166 Extra"]
[Source "ChessBase"]
[SourceDate "2015.06.18"]
[SourceVersion "1"]
[SourceVersionDate "2015.06.18"]
[SourceQuality "1"]

1. e4 e5 2. Nf3 Nc6 3. Bc4 Be7 4. d4 d6 5. d5 Nb8 6. Bd3 Nf6 7. c4 Bg4 8. h3 Bh5 9. g4 Bg6 10. Nc3 Na6 11. Be3 Nd7 12. a3 Nac5 13. Bc2 b6 14. b4 Nb7 15. Ba4 0-0 16. Bc6 Qc8 17. h4 Nf6 18. Bxb7 Qxb7 19. Nd2 h6 20. g5 hxg5 21. hxg5 Nh7 22. Qg4 Qc8 23. Qg3 Qd8 24. Nf3 Qd7 25. Nh4 Bh5 26. Nf5 Bg6 27. Nxe7+ Qxe7 28. Kd2 Rac8 29. Rh2 c6 30. Rah1 Qd8 31. Rxh7 Bxh7 32. Qh4 f6 33. Qxh7+ Kf7 34. g6+ Ke8 35. Qxg7 Rc7 36. Qxf8+ Kxf8 37. Rh8+ Ke7 38. g7 Rc8 39. Rxd8 Rxd8 40. dxc6 Kf7 41. Bh6 Kg6 42. Nd5 Kxh6 43. c7 Re8 44. g8Q Rxg8 45. Ne7 Re8 46. c8Q Rxc8 47. Nxc8 Kg7 48. Nxa7 Kf8 49. Nc8 Ke8 50. Nxb6 Kd8 51. a4 Kc7 52. a5 Kb7 53. b5 Ka7 54. Nc8+ Kb8 55. Nxd6 Ka7 56. b6+ Kb8 57. a6 Ka8 58. c5 Kb8 59. c6 1-0